| 000 | 00648nac a22001931u 4500 | ||
|---|---|---|---|
| 020 | _a0071229795 | ||
| 082 |
_a005.7/2 _bT622 |
||
| 090 |
_c540 _d540 |
||
| 100 | _aTittel, Ed | ||
| 245 |
_aSchaum's Outline of XML / _bEd Tittel |
||
| 260 |
_aNew York : _bMcGraw-Hill,2003 _c2003. |
||
| 300 |
_a214 p. : _bill. ; _c27 cm. |
||
| 440 | _aSchaum's outline series | ||
| 500 | _aIncludes index. | ||
| 650 | _aXML | ||
| 650 | _aXML (Document markup language) | ||
| 942 |
_cBB _k005.72T622 |
||
| 999 |
_c540 _d540 |
||